Más diva que divina (notice n° 1572701)

détails MARC
000 -LEADER
fixed length control field 01318cam a2200157 4500500
005 - DATE AND TIME OF LATEST TRANSACTION
control field 20251214023442.0
041 ## - LANGUAGE CODE
Language code of text/sound track or separate title fre
042 ## - AUTHENTICATION CODE
Authentication code dc
100 10 - MAIN ENTRY--PERSONAL NAME
Personal name Filippi, Florence
Relator term author
245 00 - TITLE STATEMENT
Title Más diva que divina
260 ## - PUBLICATION, DISTRIBUTION, ETC.
Date of publication, distribution, etc. 2025.<br/>
500 ## - GENERAL NOTE
General note 88
520 ## - SUMMARY, ETC.
Summary, etc. Históricamente, en Sudáfrica, la violencia policial ha sido a menudo un acontecimiento transformador que ha contribuido a redefinir el rumbo de la política nacional. Muchos han argumentado que la masacre de Marikana, el episodio más violento del país desde el final del apartheid, tuvo efectos similares. Sin embargo, más de diez años después, persisten muchas de las deficiencias de la democracia sudafricana, como los altos niveles de desigualdad y el uso de la violencia estatal contra los ciudadanos negros. La masacre de Marikana parece haber sido una ocasión perdida, una oportunidad de cambio estructural que no se materializó. Este artículo analiza el caso de Marikana para debatir las teorías sociológicas del suceso y examina los factores que pueden subyacer a acontecimientos que podrían calificarse de inconclusos.
786 0# - DATA SOURCE ENTRY
Note 20 & 21. Revue d'histoire | 166 | 2 | 2025-09-11 | p. 183-185 | 2649-664X
856 41 - ELECTRONIC LOCATION AND ACCESS
Uniform Resource Identifier <a href="https://shs.cairn.info/revue-20-21-revue-dhistoire-2025-2-page-183?lang=es&redirect-ssocas=7080">https://shs.cairn.info/revue-20-21-revue-dhistoire-2025-2-page-183?lang=es&redirect-ssocas=7080</a>

Pas d'exemplaire disponible.

PLUDOC

PLUDOC est la plateforme unique et centralisée de gestion des bibliothèques physiques et numériques de Guinée administré par le CEDUST. Elle est la plus grande base de données de ressources documentaires pour les Étudiants, Enseignants chercheurs et Chercheurs de Guinée.

Adresse

627 919 101/664 919 101

25 boulevard du commerce
Kaloum, Conakry, Guinée

Réseaux sociaux

Powered by Netsen Group @ 2025